000 00443nam a2200181Ia 4500
005 20250326144225.0
008 250326s9999 xx 000 0 und d
037 _aTextbook
040 _aFMSL
_beng
_cFMSL
041 _aeng
_2eng
084 _qFMSL
100 _aSCHEIN
_9749285
245 0 _aProcess counsultation
_cSCHEIN
260 _aNY
_bNY, Addision Wesley
_c1969
300 _a143p
942 _cTB
999 _c1302868
_d1302868